La preparación integral en el voleibol: 1.000 ejercicios y juegos

Bewaard in:
Bibliografische gegevens
Hoofdauteur: Moras, Gerard (autor)
Formaat: Boek
Taal:Spaans
Gepubliceerd in: Barcelona Paidotribo 1996
Reeks:Colección Deporte
Onderwerpen:
Tags: Voeg label toe
Geen labels, Wees de eerste die dit record labelt!

MARC

LEADER 00000nam a2200000 a 4500
001 UCS2531
003 CL-VaPUC
008 970530e19960000SP |||||||||||||||||spa|d
082 0 4 |a 796.325  |b MOR  |2 21 
100 |a Moras, Gerard  |e autor  |9 552177 
245 1 3 |a La preparación integral en el voleibol: 1.000 ejercicios y juegos 
300 |a v 
942 |c BK 
945 |d 19970530 00:00:00  |a amoreno 
260 |a Barcelona  |b Paidotribo  |c 1996 
650 0 |a Voleibol  |9 307522 
650 7 |a BALONES MEDICINALES  |2 CL-VaPUC  |9 388075 
650 0 |a Entrenamiento con vallas  |9 388076 
650 7 |a DEFENSA EN CAMPO  |2 CL-VaPUC  |9 388077 
650 0 |a Músculos  |9 269552 
583 |a last modification  |c 19970530 00:00:00  |k Rodrigo Vera 
490 0 |a Colección Deporte 
999 |c 260478  |d 260476 
952 |0 0  |1 0  |4 0  |6 796_325000000000000_MOR_1996  |7 0  |8 A  |9 286643  |a BIBEDU  |b BIBEDU  |d 2019-11-19  |h v.1  |i 3313190  |o 796.325 MOR 1996  |p 3313190  |r 2023-08-09  |w 2019-11-19  |y BK  |k EFI 
952 |0 0  |1 0  |4 0  |6 796_325000000000000_MOR_1996  |7 0  |8 A  |9 286644  |a BIBEDU  |b BIBEDU  |d 2019-11-19  |h v.2  |i 3313204  |o 796.325 MOR 1996  |p 3313204  |r 2023-08-09  |w 2019-11-19  |y BK  |k EFI 
952 |0 0  |1 0  |4 0  |6 796_325000000000000_MOR_1996  |7 0  |8 A  |9 286645  |a BIBEDU  |b BIBEDU  |d 2019-11-19  |h v.3  |i 3313212  |o 796.325 MOR 1996  |p 3313212  |r 2023-08-09  |w 2019-11-19  |y BK  |k EFI